| 000 | 00738nam a2200193 a 4500 | ||
|---|---|---|---|
| 001 | 000016062 | ||
| 005 | 20200929164246.0 | ||
| 008 | 100224s1985 dr acd 000 0 spa d | ||
| 040 |
_aDO-SdBNP _bspa _cBNPHU |
||
| 082 |
_axxxxx _bR175o |
||
| 100 | 1 |
_aRamos, Milcia _936028 |
|
| 245 | 1 | 0 |
_aOrientación profesional : _buna nueva perspectiva para mejorar los servicios de salud e higiene mental / _cMilcia Ramos. |
| 260 |
_a[Santo Domingo] : _b[s.n.], _c1985. |
||
| 300 |
_a183 p. : _bil., retrs. y diagr. ; _c21 cm. |
||
| 500 | _aIncluye datos biográficos de la autora en la contracubierta | ||
| 504 | _aIncluye referencias bibliográficas y notas al pie de las páginas | ||
| 504 | _aIncluye bibliografías (p. 179-183) | ||
| 049 | _aBNPD | ||
| 999 |
_c15603 _d15603 |
||